000 00469nam a2200157 4500
001 106989
003 ES-MaACL
005 20230906184325.0
007 t|
008 061121s1953 sp r ||||1| spa d
100 1 _aMorera Junyent, Quirino.
_983463
245 1 0 _aHilatura del algodón
_b: peinadora sistema `Nasmith`.
260 _aBarcelona :
_bJosé María Bosch,
_c1953.
300 _a94 p. 3 de lám. :
_bil. ;
_c18 cm.
852 _aES-MaACL
_j1953-F-15
_bR.35726
999 _c106989
_d106989